000 00738nam a22002297a 4500
003 UA-OsUOA
001 92394
007 ta
008 20121214b un ||||| |||| 00| 0 ukr d
090 _a821.161.2
942 _cBK
040 _aUA-OsUOA
_bukr
_cUA-OsUOA
_dUA-OsUOA
245 _aШість соток на Парнасі
_bанекдоти, рецепти, про себе. Антологія
_cпередм., упорядкув. Слабошпицького М.
300 _a464 с.
955 _a3
041 _aukr
080 _a821.161.2
020 _a978-617-605-006-3
260 _aК.
_bЯрославів Вал
_c2012
650 7 _a82 Література. Літературознавство
_2UDC
999 _c378645
_d378645